Najbardziej Memiczne Miasta w Polsce - Statystyki

Ogólne statystyki
  • Ten quiz został rozwiązany 966 razy
  • Średni wynik to 9 z 14
Statystyki odpowiedzi
Pytania Odpowiedzi % Poprawnych
Miasto walczące o stolicę województwa z Toruniem Bydgoszcz
95%
...miasto Doznań Poznań
95%
Walczy o stolicę Polski z Warszawą Kraków
92%
Poprostu leży na Podlasiu Białystok
89%
Stare Kamienice, Chytra baba Radom
78%
Miasto, z którego śmieją się Śleżanie Sosnowiec
75%
Dziurawe drogi, stare kamienice, niebezpieczna Łódź
73%
Bije się o stolicę województwa z Zieloną Górą Gorzów Wielkopolski
71%
Chytre Janusze Warszawa
54%
Kontrowersyjny pomnik Rzeszów
38%
Stare Kamienice, Ogromną stopa przestępczości (Dolnośląskie) Legnica
36%
Piekarnia Pawełek Wołomin
29%
Brzydki dworzec kolejowy Olsztyn
23%
Miasto, którego Pomorzanie nie lubią Tczew
13%
Nie znaleziono quizów pasujących do podanych kryteriów
Rozkład punktacji
Procent ludzi z każdym wynikiem
Percentyl według liczby udzielonych odpowiedzi
Twoja historia wyników
Nie rozwiązałeś tego quizu